Cambrdige lower secondary Mathematics : (Record no. 6887)
[ view plain ]
| 000 -LEADER | |
|---|---|
| fixed length control field | 00969nam a22002177a 4500 |
| 001 - CONTROL NUMBER | |
| control field | 6887 |
| 003 - CONTROL NUMBER IDENTIFIER | |
| control field | FISKH |
| 005 - DATE AND TIME OF LATEST TRANSACTION | |
| control field | 20250604121956.0 |
| 008 - FIXED-LENGTH DATA ELEMENTS--GENERAL INFORMATION | |
| fixed length control field | 250604b cb ||||| |||| 00| 0 eng d |
| 020 ## - INTERNATIONAL STANDARD BOOK NUMBER | |
| International Standard Book Number | 9781108746366 |
| 040 ## - CATALOGING SOURCE | |
| Original cataloging agency | FISKH |
| Language of cataloging | eng |
| Transcribing agency | FISKH |
| Modifying agency | FISKH |
| 082 ## - DEWEY DECIMAL CLASSIFICATION NUMBER | |
| Classification number | 510 |
| 100 ## - MAIN ENTRY--PERSONAL NAME | |
| Personal name | Byrd, Lynn |
| 245 ## - TITLE STATEMENT | |
| Title | Cambrdige lower secondary Mathematics : |
| Remainder of title | Workbook 7 / |
| Statement of responsibility, etc. | By Lynn Byrd, Greg Byrd & Chris Pearce |
| 250 ## - EDITION STATEMENT | |
| Edition statement | First published 2014 |
| 260 ## - PUBLICATION, DISTRIBUTION, ETC. | |
| Place of publication, distribution, etc. | New York : |
| Name of publisher, distributor, etc. | Cambridge University Press , |
| Date of publication, distribution, etc. | 2021. |
| 300 ## - PHYSICAL DESCRIPTION | |
| Extent | 253 pages : |
| Other physical details | illustrations ; |
| Dimensions | 29 cm . |
| 520 ## - SUMMARY, ETC. | |
| Summary, etc. | The Cambridge Lower Secondary Mathematics Workbook 7, authored by Lynn Byrd, is designed to support students in mastering mathematical concepts through engaging activities. Published by Cambridge University Press on April 29, 2021, this workbook is tailored for students following the Cambridge Lower Secondary Mathematics curriculum framework. |
| 942 ## - ADDED ENTRY ELEMENTS (KOHA) | |
| Source of classification or shelving scheme | Dewey Decimal Classification |
| Koha item type | Books |
| Suppress in OPAC | No |
| Withdrawn status | Lost status | Source of classification or shelving scheme | Damaged status | Not for loan | Collection | Home library | Current library | Shelving location | Date acquired | Total Checkouts | Full call number | Barcode | Date last seen | Price effective from | Koha item type |
|---|---|---|---|---|---|---|---|---|---|---|---|---|---|---|---|
| Dewey Decimal Classification | Reference | Footprints International School Library Network Toul Tom Poung Campus | Footprints International School Library Network Toul Tom Poung Campus | TTP Secondary Non-Fiction Bookshelves | 06/04/2025 | BYR 510 | 2025-1480 | 06/04/2025 | 06/04/2025 | Books |
